Gaming Quiz

Random Gaming Quiz

Hearthstone Card Quiz Stats

Quiz not verified by Sporcle

Challenge
Share
Tweet
Score 0/30 Timer 10:00
0 Plays Today
% Correct
Backstab
91.5%
War Golem
87.4%
Warsong Commander
86.4%
Madder Bomber
85.5%
Chillwind Yeti
84.7%
King Mukla
84%
Acolyte Of Pain
83.5%
Ysera
83.3%
Execute
82.8%
Doomguard
82.1%
Flame Imp
81.4%
Assassinate
80.6%
Lorewalker Cho
80.4%
Leeroy Jenkins
80.1%
Angry Chicken
80.1%
% Correct
Goblin Blastmage
79.9%
Loatheb
79.4%
Totem Golem
79.2%
Mal'Ganis
79.2%
Hungry Dragon
77%
Voidwalker
75.5%
Dark Iron Skulker
75.1%
Blessing Of Wisdom
71.7%
Mini Mage
70%
Windspeaker
69.5%
Iron Juggernaut
65.4%
Tauren Warrior
65.1%
Blackwing Technician
63.9%
Ravenholdt Assassin
63.7%
Metaltooth Leaper
57.9%

You're not logged in!

Compare scores with friends on all Sporcle quizzes.
Join for Free
OR
Log In

You Might Also Like...

Show Comments

Extras

Created May 28, 2016ReportNominate
Tags:hearthstone

Top Quizzes Today


Score Distribution

Your Account Isn't Verified!

In order to create a playlist on Sporcle, you need to verify the email address you used during registration. Go to your Sporcle Settings to finish the process.

Report this User

Report this user for behavior that violates our Community Guidelines.

Details: